[Event "DVM U14w 2003"]
[Site "Greifswald GER"]
[Date "2003.12.30"]
[Round "7"]
[White "Ohme, Melanie"]
[Black "Zikeli, Saskia"]
[Result "1-0"]
[Termination "normal"]
[Board "1.1"]
[WhiteElo "1948"]
[BlackElo "1867"]
[WhiteTeam "SC Leipzig-Gohlis"]
[BlackTeam "TSV Heumaden"]
[PlyCount "81"]
[WhiteFideId "4690745"]
[BlackFideId "24601543"]
[EventCountry "GER"]
[EventRounds "7"]
[EventType "team-swiss"]
[EventDate "2003.12.26"]

1. e4 c5 2. Nc3 Nc6 3. g3 g6 4. Bg2 Bg7 5. d3 d6 6. f4 e6 7. Nf3 Nge7 8. O-O
O-O 9. Be3 b6 10. d4 d5 11. exd5 Nf5 12. Bf2 Ncxd4 13. Nxd4 Nxd4 14. dxe6 Bxe6
15. Re1 Rc8 16. Ne4 Qc7 17. c3 Nc6 18. Ng5 Bf5 19. Qf3 h6 20. Ne4 Rfd8 21. g4
Be6 22. Bh4 g5 23. fxg5 Ne5 24. Qf4 Rd3 25. Bg3 Qd8 26. gxh6 Ng6 27. Qg5 Bh8
28. h7+ Kxh7 29. Qxd8 Rcxd8 30. Ng5+ Kg8 31. Nxe6 fxe6 32. Rxe6 Rd1+ 33. Rxd1
Rxd1+ 34. Kf2 Kf7 35. Re2 Rd7 36. h4 Bf6 37. g5 Bd8 38. Kf3 Kg7 39. Kg4 Nf8 40.
h5 Nh7 41. Bf4 1-0

[Event "DVM U14w 2003"]
[Site "Greifswald GER"]
[Date "2003.12.30"]
[Round "7"]
[White "Sandrou, Tina"]
[Black "Nguyen, Hoa My"]
[Result "0-1"]
[Termination "normal"]
[Board "1.2"]
[WhiteElo "1266"]
[BlackElo "1582"]
[WhiteTeam "TSV Heumaden"]
[BlackTeam "SC Leipzig-Gohlis"]
[PlyCount "80"]
[EventCountry "GER"]
[EventRounds "7"]
[EventType "team-swiss"]
[EventDate "2003.12.26"]

1. e4 c5 2. c3 d5 3. exd5 Qxd5 4. d4 e5 5. Nf3 exd4 6. cxd4 Bg4 7. Be3 cxd4 8.
Bxd4 Bxf3 9. gxf3 Nc6 10. Qe2+ Nge7 11. Be3 g6 12. Nc3 Qa5 13. O-O-O Bg7 14.
Nb5 O-O 15. Kb1 a6 16. Na3 Nd5 17. Qc2 Nc3+ 18. bxc3 Qxa3 19. Rd3 Rac8 20. c4
Qb4+ 21. Rb3 Qe7 22. Bh3 Qf6 23. Kc1 Qxf3 24. Bxc8 Qxh1+ 25. Qd1 Qxd1+ 26. Kxd1
Rxc8 27. Rxb7 Na5 28. Ra7 Nxc4 29. Bf4 a5 30. Bc7 Bd4 31. Ra6 Bxf2 32. Bxa5
Nxa5 33. Rxa5 Bg1 34. h3 Kg7 35. a4 Rc3 36. Ra8 Rxh3 37. Kc2 Re3 38. a5 Re7 39.
Kb3 Ra7 40. Rxa7 Bxa7 0-1

[Event "DVM U14w 2003"]
[Site "Greifswald GER"]
[Date "2003.12.30"]
[Round "7"]
[White "Riedel, Kristina"]
[Black "Fröschle, Luzie"]
[Result "1-0"]
[Termination "normal"]
[Board "1.3"]
[WhiteElo "1467"]
[BlackElo "1182"]
[WhiteTeam "SC Leipzig-Gohlis"]
[BlackTeam "TSV Heumaden"]
[PlyCount "79"]
[WhiteFideId "24659282"]
[BlackFideId "24631221"]
[EventCountry "GER"]
[EventRounds "7"]
[EventType "team-swiss"]
[EventDate "2003.12.26"]

1. e4 c6 2. d4 d5 3. e5 Bf5 4. f4 e6 5. Bd3 Bxd3 6. Qxd3 Ne7 7. Nf3 Nf5 8. Nc3
Nd7 9. Bd2 c5 10. O-O-O c4 11. Qe2 Qb6 12. g4 Ne7 13. f5 Nc6 14. fxe6 fxe6 15.
Be1 a5 16. Qf2 Be7 17. h4 Rf8 18. Qg2 a4 19. a3 Qa6 20. Na2 b5 21. Ng5 h6 22.
Nxe6 Qb6 23. Nxf8 Nxf8 24. c3 b4 25. Nxb4 Bxb4 26. cxb4 Nxd4 27. Qxd5 Rd8 28.
Qe4 Nb3+ 29. Kc2 Rxd1 30. Kxd1 Qd8+ 31. Kc2 Na1+ 32. Kb1 Qd1+ 33. Ka2 Nb3 34.
Bc3 Qd7 35. Qxc4 Ne6 36. b5 Nec5 37. Qg8+ Ke7 38. Qxg7+ Kd8 39. Qxd7+ Kxd7 40.
g5 1-0

[Event "DVM U14w 2003"]
[Site "Greifswald GER"]
[Date "2003.12.30"]
[Round "7"]
[White "Gheng, Hannelore"]
[Black "Perlick, Maria"]
[Result "1/2-1/2"]
[Termination "normal"]
[Board "1.4"]
[WhiteElo "1168"]
[BlackElo "1173"]
[WhiteTeam "TSV Heumaden"]
[BlackTeam "SC Leipzig-Gohlis"]
[PlyCount "96"]
[EventCountry "GER"]
[EventRounds "7"]
[EventType "team-swiss"]
[EventDate "2003.12.26"]

1. e4 e6 2. d4 d5 3. Nd2 Nf6 4. Bd3 c5 5. c3 Nc6 6. Ngf3 Be7 7. O-O O-O 8. exd5
Nxd5 9. Ne4 cxd4 10. Nxd4 Nxd4 11. cxd4 b6 12. Qf3 Bb7 13. Qh3 f5 14. Nc3 Bg5
15. f4 Nxf4 16. Bxf4 Qxd4+ 17. Be3 Bxe3+ 18. Kh1 Qxd3 19. Rad1 Qc4 20. Qxe3 Qc6
21. Rf3 Rf6 22. Rd2 Rg6 23. Qf4 Rf8 24. Rdf2 h6 25. Ne2 Rg4 26. Qe5 Rf6 27. Nd4
Qe4 28. Qd6 Qxd4 29. Qb8+ Kh7 30. Qxb7 a5 31. h3 Rg5 32. Rf4 Qc5 33. Qf3 Rgg6
34. h4 Rf7 35. h5 Rgf6 36. Kh2 e5 37. Rh4 Qe7 38. Qe3 Re6 39. Rh3 Ref6 40. Rhf3
Qe6 41. g3 e4 42. Rf4 Qxa2 43. b3 Qa3 44. g4 Qf8 45. gxf5 Rxf5 46. Qxe4 g6 47.
hxg6+ Kxg6 48. Rg2+ Kh7 1/2-1/2

[Event "DVM U14w 2003"]
[Site "Greifswald GER"]
[Date "2003.12.30"]
[Round "7"]
[White "Goergen, Barbara"]
[Black "Zemella, Jennifer"]
[Result "1/2-1/2"]
[Termination "normal"]
[Board "2.1"]
[WhiteElo "1759"]
[BlackElo "1600"]
[WhiteTeam "SF Hörden"]
[BlackTeam "SG Porz"]
[PlyCount "42"]
[BlackFideId "24636096"]
[EventCountry "GER"]
[EventRounds "7"]
[EventType "team-swiss"]
[EventDate "2003.12.26"]

1. e4 c5 2. c3 d5 3. exd5 Qxd5 4. d4 Nc6 5. Nf3 Bg4 6. Be2 e6 7. h3 Bh5 8. O-O
Nf6 9. Be3 cxd4 10. cxd4 Be7 11. Nc3 Qd8 12. g4 Bg6 13. Ne5 Nxe5 14. dxe5 Nd7
15. f4 f5 16. g5 O-O 17. Bc4 Bf7 18. h4 Qc7 19. b3 Nb6 20. Nb5 Qc6 21. Nd4 Qe4
1/2-1/2

[Event "DVM U14w 2003"]
[Site "Greifswald GER"]
[Date "2003.12.30"]
[Round "7"]
[White "Gossmann, Anna Maria"]
[Black "Bochis, Julia"]
[Result "1/2-1/2"]
[Termination "normal"]
[Board "2.2"]
[WhiteElo "1502"]
[BlackElo "1172"]
[WhiteTeam "SG Porz"]
[BlackTeam "SF Hörden"]
[PlyCount "46"]
[BlackFideId "24647276"]
[EventCountry "GER"]
[EventRounds "7"]
[EventType "team-swiss"]
[EventDate "2003.12.26"]

1. e4 e5 2. Nf3 Nf6 3. Nxe5 d6 4. Nf3 Nxe4 5. Qe2 Qe7 6. d3 Nf6 7. Bg5 Qxe2+ 8.
Bxe2 Be7 9. Nc3 c6 10. O-O-O Bf5 11. Nd4 Bg6 12. Rhe1 O-O 13. Bf3 Bd8 14. Bf4
d5 15. Re2 Bb6 16. Nb3 Nbd7 17. Na4 Rfe8 18. Rde1 Bxf2 19. Rxe8+ Nxe8 20. Re7
Rd8 21. Bg4 f5 22. Bh3 Bh4 23. Re3 Bf2 1/2-1/2

[Event "DVM U14w 2003"]
[Site "Greifswald GER"]
[Date "2003.12.30"]
[Round "7"]
[White "Immer, Carina"]
[Black "Karmann, Anna"]
[Result "0-1"]
[Termination "normal"]
[Board "2.3"]
[WhiteElo "896"]
[BlackElo "1458"]
[WhiteTeam "SF Hörden"]
[BlackTeam "SG Porz"]
[PlyCount "82"]
[BlackFideId "24648000"]
[EventCountry "GER"]
[EventRounds "7"]
[EventType "team-swiss"]
[EventDate "2003.12.26"]

1. e4 e5 2. Nf3 Nc6 3. Nc3 Nf6 4. Be2 Be7 5. d3 d6 6. O-O O-O 7. b3 b6 8. Bb2
Bb7 9. h4 Nd7 10. Nd5 f5 11. c4 fxe4 12. dxe4 Nf6 13. Nxe7+ Nxe7 14. Nd2 Nxe4
15. Nxe4 Bxe4 16. f3 Bf5 17. Qd2 Qe8 18. Bd3 Qg6 19. Bxf5 Rxf5 20. Qd3 Rf6 21.
Qxg6 Nxg6 22. Rad1 Raf8 23. Kh1 R6f7 24. Rd2 e4 25. Re2 exf3 26. gxf3 Rxf3 27.
Rxf3 Rxf3 28. Kg1 Rxb3 29. Rg2 Rb4 30. Re2 Rxc4 31. Re8+ Kf7 32. Re2 Rxh4 33.
Rf2+ Rf4 34. Rg2 c5 35. Bc1 Rd4 36. Rf2+ Kg8 37. Bb2 Rg4+ 38. Kh1 Re4 39. Rd2
Nf4 40. Kg1 Re2 41. Rxe2 Nxe2+ 0-1

[Event "DVM U14w 2003"]
[Site "Greifswald GER"]
[Date "2003.12.30"]
[Round "7"]
[White "Bothe, Ann-Marie"]
[Black "Meyer, Sandra"]
[Result "1/2-1/2"]
[Termination "normal"]
[Board "3.3"]
[WhiteElo "814"]
[BlackElo "1231"]
[WhiteTeam "SK Gräfelfing"]
[BlackTeam "SK König Plauen"]
[PlyCount "72"]
[EventCountry "GER"]
[EventRounds "7"]
[EventType "team-swiss"]
[EventDate "2003.12.26"]

1. e4 c6 2. Nf3 d5 3. exd5 cxd5 4. d4 Bf5 5. Nc3 Nf6 6. Bd3 Bxd3 7. Qxd3 Nc6 8.
O-O e6 9. Bf4 Bd6 10. Bxd6 Qxd6 11. Rae1 O-O 12. Ne5 Qb4 13. Nxc6 bxc6 14. b3
Qd6 15. Qg3 Qxg3 16. fxg3 Rac8 17. Na4 Ne4 18. c4 dxc4 19. Rxe4 cxb3 20. axb3
Rb8 21. Nc5 Rb4 22. Ref4 f6 23. Nxe6 Re8 24. Nc5 Rd8 25. Re1 Rdxd4 26. Rxd4
Rxd4 27. Re7 Rd1+ 28. Kf2 Rd2+ 29. Kf3 Rd5 30. Na6 Rd3+ 31. Ke2 Rxb3 32. Nc5
Rb2+ 33. Kf3 Rb5 34. Nd7 a5 35. Re3 Rb3 36. Kf4 Rb2 1/2-1/2

[Event "DVM U14w 2003"]
[Site "Greifswald GER"]
[Date "2003.12.30"]
[Round "7"]
[White "Walker, Maria"]
[Black "Dobrinevski, Anastassia"]
[Result "1-0"]
[Termination "normal"]
[Board "3.4"]
[WhiteElo "1104"]
[BlackElo "790"]
[WhiteTeam "SK König Plauen"]
[BlackTeam "SK Gräfelfing"]
[PlyCount "31"]
[EventCountry "GER"]
[EventRounds "7"]
[EventType "team-swiss"]
[EventDate "2003.12.26"]

1. d4 d5 2. e4 dxe4 3. Nc3 Nf6 4. f3 e6 5. fxe4 Bb4 6. Bd3 O-O 7. Nf3 Nc6 8. e5
Nd5 9. Bxh7+ Kh8 10. Ng5 g6 11. Qf3 Qe7 12. Qh3 Kg7 13. Nge4 f5 14. Bg5 Qd7 15.
Qh6+ Kf7 16. Qxg6# 1-0

[Event "DVM U14w 2003"]
[Site "Greifswald GER"]
[Date "2003.12.30"]
[Round "7"]
[White "Mucha, Annegret"]
[Black "Nuber, Helene"]
[Result "1/2-1/2"]
[Termination "normal"]
[Board "4.1"]
[WhiteElo "1554"]
[BlackElo "1686"]
[WhiteTeam "SV Empor Erfurt"]
[BlackTeam "SC Schwabmünchen"]
[PlyCount "82"]
[WhiteFideId "24622788"]
[BlackFideId "24613045"]
[EventCountry "GER"]
[EventRounds "7"]
[EventType "team-swiss"]
[EventDate "2003.12.26"]

1. d4 d5 2. e3 e6 3. Bd3 Nf6 4. c3 Nbd7 5. Nd2 Be7 6. f4 c5 7. Ngf3 c4 8. Bc2
h6 9. O-O O-O 10. Ne5 Qc7 11. g4 Nxe5 12. fxe5 Nd7 13. e4 Qd8 14. Nf3 dxe4 15.
Bxe4 f6 16. Bf4 fxe5 17. Nxe5 Nxe5 18. Bxe5 Bd6 19. Bxd6 Qxd6 20. Rxf8+ Qxf8
21. Qe2 Qf4 22. Rf1 Qg5 23. Qf3 Qe7 24. Kh1 g5 25. Qe2 Rb8 26. Qxc4 b5 27. Qd3
Bb7 28. Kg1 Bd5 29. Bxd5 exd5 30. Qg6+ Qg7 31. Qe6+ Kh8 32. Qxd5 Qe7 33. Qe5+
Qxe5 34. dxe5 Re8 35. Re1 Kg7 36. Kg2 Kf7 37. Kf3 Ke6 38. Ke4 Rf8 39. Kd3 Rf4
40. Re4 Rf2 41. Rb4 a6 1/2-1/2

[Event "DVM U14w 2003"]
[Site "Greifswald GER"]
[Date "2003.12.30"]
[Round "7"]
[White "Billing, Tanja"]
[Black "Bethge, Johanna"]
[Result "1-0"]
[Termination "normal"]
[Board "4.2"]
[WhiteElo "1394"]
[BlackElo "1094"]
[WhiteTeam "SC Schwabmünchen"]
[BlackTeam "SV Empor Erfurt"]
[PlyCount "113"]
[WhiteFideId "24647993"]
[BlackFideId "24664898"]
[EventCountry "GER"]
[EventRounds "7"]
[EventType "team-swiss"]
[EventDate "2003.12.26"]

1. c4 Nf6 2. d4 d5 3. e3 c6 4. Nf3 Bf5 5. Nc3 e6 6. Be2 Be7 7. O-O O-O 8. a3
Nbd7 9. c5 Ne4 10. Nxe4 Bxe4 11. Bd3 Bxd3 12. Qxd3 b6 13. b4 a5 14. Bd2 axb4
15. axb4 bxc5 16. bxc5 Qc7 17. Bc3 Rxa1 18. Rxa1 Qb7 19. Qa6 Rb8 20. Qxb7 Rxb7
21. g3 g6 22. Ra8+ Nb8 23. Ne5 Kg7 24. Ba5 f6 25. Nd3 e5 26. Bc7 Rxc7 27. Rxb8
exd4 28. exd4 f5 29. f4 Bf6 30. Ne5 g5 31. Kf2 Bxe5 32. dxe5 gxf4 33. gxf4 Kf7
34. Kg3 Ke6 35. Kh4 Ra7 36. Rc8 Kd7 37. Rf8 d4 38. Rf7+ Ke6 39. Rxa7 d3 40. Ra2
Kd5 41. Kg3 Kxc5 42. Rd2 Kd5 43. Rxd3+ Ke6 44. Rd6+ Ke7 45. Rxc6 Kd7 46. Rh6
Ke7 47. Rxh7+ Ke6 48. Kh4 Kd5 49. Rh6 Ke4 50. e6 Kxf4 51. e7 Kf3 52. e8=Q f4
53. Qc6+ Kf2 54. Kg4 Ke3 55. Re6+ Kf2 56. Qf3+ Kg1 57. Re1+ 1-0

[Event "DVM U14w 2003"]
[Site "Greifswald GER"]
[Date "2003.12.30"]
[Round "7"]
[White "Friedrichs, Anne-Kathrin"]
[Black "Nieberle, Julia"]
[Result "0-1"]
[Termination "normal"]
[Board "4.3"]
[WhiteElo "1142"]
[BlackElo "1275"]
[WhiteTeam "SV Empor Erfurt"]
[BlackTeam "SC Schwabmünchen"]
[PlyCount "52"]
[EventCountry "GER"]
[EventRounds "7"]
[EventType "team-swiss"]
[EventDate "2003.12.26"]

1. e4 e5 2. Nf3 Nc6 3. Nc3 Bc5 4. Bb5 Nge7 5. Bxc6 Nxc6 6. d3 d6 7. Be3 Bb6 8.
Qd2 Bxe3 9. fxe3 O-O 10. O-O-O Bg4 11. Rhf1 Qd7 12. h3 Be6 13. d4 exd4 14. exd4
Bc4 15. Rfe1 d5 16. exd5 Bxd5 17. a3 Bxf3 18. gxf3 Qxh3 19. f4 Rae8 20. Rg1 Qf5
21. Rgf1 h6 22. d5 Ne7 23. Qd4 g6 24. Ne4 Nxd5 25. Nf6+ Nxf6 26. Rfe1 a6 0-1

[Event "DVM U14w 2003"]
[Site "Greifswald GER"]
[Date "2003.12.30"]
[Round "7"]
[White "Vales, Laura"]
[Black "Gahn, Cornelia"]
[Result "1-0"]
[Termination "normal"]
[Board "6.2"]
[WhiteElo "1194"]
[BlackElo "1275"]
[WhiteTeam "SV Motor Eberswalde"]
[BlackTeam "ESV Delitzsch"]
[PlyCount "43"]
[EventCountry "GER"]
[EventRounds "7"]
[EventType "team-swiss"]
[EventDate "2003.12.26"]

1. d4 d5 2. Nf3 e6 3. e3 Nf6 4. Bd3 Bd6 5. O-O O-O 6. Nbd2 Nbd7 7. e4 dxe4 8.
Nxe4 e5 9. c3 Nxe4 10. Bxe4 f5 11. Bd5+ Kh8 12. Ng5 Qf6 13. Qh5 h6 14. Re1 Nb6
15. Bb3 e4 16. f3 exf3 17. Nxf3 f4 18. Ne5 Bf5 19. Bxf4 Bxe5 20. Bxe5 Qc6 21.
Bf7 Qd7 22. Qxh6+ 1-0

[Event "DVM U14w 2003"]
[Site "Greifswald GER"]
[Date "2003.12.30"]
[Round "7"]
[White "Reinsdorf, Christin"]
[Black "Briak, Nicole"]
[Result "1/2-1/2"]
[Termination "normal"]
[Board "6.3"]
[WhiteElo "1282"]
[BlackElo "1264"]
[WhiteTeam "ESV Delitzsch"]
[BlackTeam "SV Motor Eberswalde"]
[PlyCount "99"]
[EventCountry "GER"]
[EventRounds "7"]
[EventType "team-swiss"]
[EventDate "2003.12.26"]

1. e4 d5 2. exd5 Qxd5 3. Nc3 Qa5 4. Nf3 Bg4 5. Be2 Nf6 6. h3 Bh5 7. O-O e6 8.
d4 c6 9. a3 Bd6 10. Re1 O-O 11. Be3 Nbd7 12. Qd2 e5 13. dxe5 Bxe5 14. Nxe5 Nxe5
15. Bxh5 Nxh5 16. Qe2 Nf6 17. Bd2 Ned7 18. Rad1 Rfe8 19. Qf3 Nd5 20. Ne4 Qc7
21. Qd3 N7f6 22. Nxf6+ Nxf6 23. Rxe8+ Rxe8 24. Be3 h6 25. b4 Nd5 26. Bd4 Nf4
27. Qd2 Ne2+ 28. Kf1 Nxd4 29. Qxd4 Qe7 30. Qd2 Kf8 31. Re1 Qxe1+ 32. Qxe1 Rxe1+
33. Kxe1 Ke7 34. Ke2 Ke6 35. Kd3 Kd5 36. c4+ Ke5 37. g3 g5 38. a4 b6 39. Ke3 c5
40. b5 f5 41. f4+ gxf4+ 42. gxf4+ Kf6 43. h4 h5 44. Kd3 Ke6 45. Kc3 Kd6 46. Kb3
Kc7 47. a5 bxa5 48. Ka4 Kb6 49. Ka3 a6 50. bxa6 1/2-1/2

[Event "DVM U14w 2003"]
[Site "Greifswald GER"]
[Date "2003.12.30"]
[Round "7"]
[White "Kassemek, Judith"]
[Black "Brjakow, Jennifer"]
[Result "1-0"]
[Termination "normal"]
[Board "6.4"]
[WhiteElo "1035"]
[BlackElo "1056"]
[WhiteTeam "SV Motor Eberswalde"]
[BlackTeam "ESV Delitzsch"]
[PlyCount "53"]
[EventCountry "GER"]
[EventRounds "7"]
[EventType "team-swiss"]
[EventDate "2003.12.26"]

1. e4 e5 2. Nf3 Nc6 3. Bc4 Nf6 4. Nc3 Bc5 5. d3 h6 6. O-O d6 7. h3 Be6 8. Bxe6
fxe6 9. Be3 Bb6 10. Bxb6 axb6 11. Qd2 d5 12. exd5 exd5 13. Qe2 Qd6 14. Nb5 Qe7
15. Rfe1 e4 16. Nh4 Qf7 17. f3 O-O-O 18. fxe4 Rhe8 19. Rf1 Qe7 20. Nf5 Qf7 21.
Rf4 g5 22. Rf3 dxe4 23. dxe4 h5 24. Rd3 Nxe4 25. Rxd8+ Nxd8 26. Qf3 Nc6 27.
Nfd6+ 1-0

[Event "DVM U14w 2003"]
[Site "Greifswald GER"]
[Date "2003.12.30"]
[Round "7"]
[White "Wolf, Carolin"]
[Black "Adomeit, Lena"]
[Result "1-0"]
[Termination "normal"]
[Board "7.2"]
[WhiteElo "1221"]
[BlackElo "817"]
[WhiteTeam "SV Glück Auf Rüdersdorf"]
[BlackTeam "TTC GW Fritzdorf 58"]
[PlyCount "125"]
[WhiteFideId "24628034"]
[BlackFideId "24659363"]
[EventCountry "GER"]
[EventRounds "7"]
[EventType "team-swiss"]
[EventDate "2003.12.26"]

1. e4 e5 2. d4 exd4 3. c3 dxc3 4. Nxc3 Nc6 5. Nf3 Nf6 6. Bg5 Be7 7. Bc4 h6 8.
Bh4 d6 9. O-O O-O 10. a3 Bg4 11. Qd3 Bxf3 12. Qxf3 a6 13. Rad1 Na5 14. Qe2 b5
15. Bb3 c5 16. f4 Nc6 17. Ba2 Nd4 18. Qe1 Nxe4 19. Bxe7 Qxe7 20. Qxe4 Qxe4 21.
Nxe4 Rad8 22. Nc3 Rde8 23. Rfe1 g6 24. Rxe8 Rxe8 25. Kf2 Kg7 26. Re1 Rxe1 27.
Kxe1 c4 28. Ne2 Nxe2 29. Kxe2 Kf6 30. Bb1 d5 31. Ke3 Ke6 32. Kd4 Kd6 33. Bc2 f5
34. b3 h5 35. h4 a5 36. bxc4 dxc4 37. a4 Kc6 38. Bd1 Kb6 39. axb5 Kxb5 40. Be2
a4 41. Bxc4+ Kb4 42. Bf7 a3 43. Be6 Kb5 44. Kc3 Kc6 45. Bf7 Kb6 46. Kb3 Kc5 47.
Bxg6 Kd4 48. Bxh5 Ke3 49. g3 a2 50. Kxa2 Kf2 51. Bd1 Kxg3 52. h5 Kxf4 53. h6
Kg5 54. h7 f4 55. h8=Q f3 56. Bxf3 Kf4 57. Kb3 Kg5 58. Kc4 Kg6 59. Kd5 Kf7 60.
Ke5 Ke7 61. Qg7+ Ke8 62. Bc6+ Kd8 63. Qd7# 1-0